Statistics for Bible Character's Wives - Very Hard

Click here to take the quiz!

General Stats

  • This quiz has been taken 2,322 times
    (2,319 since last reset)
  • The average score is 9 of 36

Answer Stats

Hint Answer % Correct
Abraham (Wife 1)Sarah
96%
AdamEve
91%
Joseph (NT)Mary
84%
Jacob (Wife 2)Rachel
79%
BoazRuth
75%
Jacob (Wife 1)Leah
69%
IsaacRebekah
59%
King Ahasuerus (Wife 2)Esther
46%
AhabJezebel
40%
David (Wife 3)Abigail
34%
Elkanah (Wife 1)Hannah
32%
David (Wife 1)Michal
30%
MosesZipporah
28%
HoseaGomer
25%
King Ahasuerus (Wife 1)Vashti
23%
ElimelechNaomi
21%
Abraham (Wife 2)Keturah
17%
AaronElisheba
11%
AmramJochebed
10%
Elkanah (Wife 2)Peninnah
7%
Esau (Wife 1)Judith
7%
Lamech (Wife 1)Adah
6%
Esau (Wife 2)Adah
6%
Joseph (OT)Asenath
6%
David (Wife 8)Bathsheba (or Bathshua)
6%
Lamech (Wife 2)Zillah
5%
NahorMilcah
5%
Esau (Wife 4)Mahalath (or Basemath)
4%
David (Wife 2)Ahinoam
3%
HamanZeresh
2%
David (Wife 7)Eglah
2%
David (Wife 5)Haggith
2%
David (Wife 6)Abital
1%
Esau (Wife 3)Aholibamah
1%
JudahShua
1%
David (Wife 4)Talmai
0%

Score Distribution

Percentile by Number Answered

Percent of People with Each Score

Your Score History

You have not taken this quiz since the last reset